000 00631nam a22001817a 4500
003 OSt
005 20250910135002.0
008 250217b |||||||| |||| 00| 0 eng d
040 _c0
082 _aDPer 361.05 J826 January-April 2020 v. 67 n. 1-3
245 _aJournal of counseling psychology /
260 _aWashington ;
_bAmerican Psychological Association,
_cJanuary-April 2020.
300 _avarious paging ;
_billustrations,
_c28 cm.
500 _aJournal of Counseling Psychology, v. 67, n. 1-3, January-April 2020.
650 0 _aCounseling.
_925309
650 0 _aPsychology and mental health.
_965391
942 _2ddc
_cPER
999 _c23466
_d23466